ဝွၵ်းသႅင်ထမ်းမၢႆ-ႁူၵ်း / (Record no. 26954)

000 -LEADER
fixed length control field 01132nam a22002657a 4500
003 - CONTROL NUMBER IDENTIFIER
control field OSt
005 - DATE AND TIME OF LATEST TRANSACTION
control field 20260123084808.0
008 - FIXED-LENGTH DATA ELEMENTS--GENERAL INFORMATION
fixed length control field 230709b ||||| |||| 00| 0 eng d
040 ## - CATALOGING SOURCE
Transcribing agency SSBUL
041 ## - LANGUAGE CODE
Language code of text/sound track or separate title Shan
082 ## - DEWEY DECIMAL CLASSIFICATION NUMBER
Classification number 294.3368
100 ## - MAIN ENTRY--PERSONAL NAME
Personal name ဢရိယၺႃႇၼ
Titles and words associated with a name ၸဝ်ႈသြႃႇ (ၼမ်ႉႁူးၼွႆႉ)
245 ## - TITLE STATEMENT
Title ဝွၵ်းသႅင်ထမ်းမၢႆ-ႁူၵ်း /
Statement of responsibility, etc. ၸဝ်ႈသြႃႇဢရိယၺႃႇၼ (ၼမ်ႉႁူးၼွႆႉ)
260 ## - PUBLICATION, DISTRIBUTION, ETC.
Place of publication, distribution, etc. ဝဵင်းလိူဝ်ႇ
Name of publisher, distributor, etc. ဢွင်ႇသပေႇ
Date of publication, distribution, etc. 2018
300 ## - PHYSICAL DESCRIPTION
Extent P၊ 88 ၼႃႈ
Dimensions 19 ၸိၼ်ႇထီႇ
500 ## - GENERAL NOTE
General note ပပ်ႉၸဝ်ႈတႃႇၼႁင်းၶေႃတွၵ်ႉတိူဝ်ႇၸၢႆးဢွင်ႇထုၼ်းလူႇတၢၼ်းဝႆႉ ပပ်ႉမၢႆ-2350 ပပ်ႉၼိုင်ႈ။
General note S-SAT: Dr. Prof Sai Aung Tun
650 ## - SUBJECT ADDED ENTRY--TOPICAL TERM
Topical term or geographic name entry element ဝွၵ်း-ပုတ်ႉထၽႃႇသႃႇ
942 ## - ADDED ENTRY ELEMENTS (KOHA)
Koha item type Book (Short term)
100 ## - MAIN ENTRY--PERSONAL NAME
9 (RLIN) 27631
650 ## - SUBJECT ADDED ENTRY--TOPICAL TERM
9 (RLIN) 21962
Source of classification or shelving scheme
Source of classification or shelving scheme
Source of classification or shelving scheme
Source of classification or shelving scheme
Source of classification or shelving scheme
Holdings
Withdrawn status Lost status Source of classification or shelving scheme Damaged status Not for loan Collection Code Permanent Location Current Location Shelving location Date acquired Total Checkouts Full call number Barcode Date last seen Copy number Price effective from Koha item type Accession Date last checked out
          Special Collections Shan State Buddhist University Library Shan State Buddhist University Library Special Collection Shelves 09/07/2023   294.3368 ဢ ႒႓႕႐ S-SAT SH00002350 09/07/2023 1 09/07/2023 Book (Short term) ႒႓႕႐ S-SAT  
          Tai Collection Shan State Buddhist University Library Shan State Buddhist University Library Tai Shelves 12/07/2023   294.3368 ဢ ႑႐႗႑(1) SH00001071 12/07/2023 2 12/07/2023 Books (Long term) ႑႐႗႑(1)  
          Tai Collection Shan State Buddhist University Library Shan State Buddhist University Library Tai Shelves 12/07/2023   294.3368 ဢ ႑႐႗႒(2) SH00001072 12/07/2023 3 12/07/2023 Books (Long term) ႑႐႗႒(2)  
          Tai Collection Shan State Buddhist University Library Shan State Buddhist University Library Tai Shelves 12/07/2023 1 294.3368 ဢ ႑႐႗႓(3) SH00001073 30/09/2025 4 12/07/2023 Books (Long term) ႑႐႗႓(3) 12/09/2025
          Tai Collection Shan State Buddhist University Library Shan State Buddhist University Library Tai Shelves 26/07/2023 1 294.3368 ဢ ႒႘႓႒(4) SH00002832 08/01/2024 5 26/07/2023 Books (Long term) ႒႘႓႒(4) 06/01/2024

Library - 09407999929
Admin Office - 09407999979
Dean Office - 09250910768
Registrar Office - 09892297154
Email - [email protected]
Shan State Buddhist University, Phaya Phyu Taunggyi, Shan State, Myanmar.